[Event "Oberliga Ost A 2018 2019"]
[Site "?"]
[Date "2019.03.24"]
[Round "9.7"]
[White "Richter, Philipp"]
[Black "Mader, Joerg"]
[Result "1-0"]
[WhiteElo "2023"]
[BlackElo "2095"]
[PlyCount "145"]
[EventDate "2018.10.21"]
[EventType "team-tourn"]
[EventCountry "GER"]
[WhiteTeam "Dresden USV TU II"]
[BlackTeam "Leipzig VfB Schach"]
[WhiteTeamCountry "GER"]
[BlackTeamCountry "GER"]

1. d4 d5 2. c4 e6 3. Nc3 Nf6 4. cxd5 exd5 5. Bg5 Be7 6. e3 O-O 7. Bd3 Re8 8.
Qc2 Nbd7 9. Nf3 c6 10. O-O Nf8 11. Rab1 Ng6 12. b4 a6 13. a4 Ng4 14. Bxe7 Qxe7
15. b5 axb5 16. axb5 Nh4 17. Nxh4 Qxh4 18. h3 Nf6 19. Bf5 g6 20. Bxc8 Rexc8 21.
bxc6 Rxc6 22. Qb3 Ne4 23. Qxb7 Rac8 24. Nxd5 Kg7 25. Qe7 Ng5 26. Qe5+ Kh6 27.
Qf4 Qxf4 28. Nxf4 Ne4 29. Rb7 R8c7 30. Rxc7 Rxc7 31. Rd1 Kg7 32. f3 Nf6 33. e4
Rc2 34. d5 g5 35. Nd3 Kf8 36. d6 Ke8 37. Ne5 Nd7 38. Rd5 f6 39. Nxd7 Kxd7 40.
e5 fxe5 41. Rxe5 h6 42. Re7+ Kxd6 43. Rh7 Ke5 44. Rxh6 Kf4 45. Kh2 Kf5 46. Kg3
Rc4 47. h4 gxh4+ 48. Rxh4 Rc2 49. Rh5+ Kg6 50. Ra5 Kf6 51. Kh3 Rf2 52. Ra3 Kg5
53. g3 Kf6 54. Kg4 Rg2 55. f4 Rg1 56. Ra6+ Kf7 57. Kh4 Rg2 58. g4 Rb2 59. Kg5
Rb7 60. Ra8 Kg7 61. f5 Kh7 62. Re8 Rg7+ 63. Kf4 Ra7 64. g5 Kg7 65. Rd8 Kf7 66.
Kg4 Kg7 67. Kh5 Rb7 68. f6+ Kf7 69. Rh8 Rb5 70. Rh7+ Kg8 71. Re7 Kh8 72. Kg6
Rb8 73. Rh7+ 1-0

[Event "Oberliga Ost A 2018 2019"]
[Site "?"]
[Date "2019.03.24"]
[Round "9.8"]
[White "Mueller, Giso"]
[Black "Ledfuss, Guntram"]
[Result "1-0"]
[WhiteElo "2112"]
[BlackElo "2010"]
[PlyCount "41"]
[EventDate "2018.10.21"]
[EventType "team-tourn"]
[EventCountry "GER"]
[WhiteTeam "Leipzig VfB Schach"]
[BlackTeam "Dresden USV TU II"]
[WhiteTeamCountry "GER"]
[BlackTeamCountry "GER"]

1. e4 e5 2. Nf3 Nc6 3. Bc4 Bc5 4. d3 Nf6 5. c3 d6 6. O-O Bb6 7. Bb3 O-O 8. Re1
Ne7 9. h3 Ng6 10. Nbd2 Qe7 11. Nf1 Nf4 12. Bxf4 exf4 13. d4 h6 14. e5 Nh7 15.
Qd2 g5 16. Qd3 Rd8 17. Qg6+ Kh8 18. Qxh6 Qf8 19. Qh5 f6 20. Bc2 Qg8 21. exf6
1-0

[Event "Oberliga Ost A 2018 2019"]
[Site "?"]
[Date "2019.03.24"]
[Round "9.2"]
[White "Becker, Michael"]
[Black "Heistermann, Till"]
[Result "1-0"]
[WhiteElo "2258"]
[BlackElo "2178"]
[PlyCount "53"]
[EventDate "2018.10.21"]
[EventType "team-tourn"]
[EventCountry "GER"]
[WhiteTeam "Halle USV"]
[BlackTeam "Leipzig SG"]
[WhiteTeamCountry "GER"]
[BlackTeamCountry "GER"]

1. e4 c5 2. Nf3 e6 3. d3 d5 4. Qe2 Nf6 5. g3 Be7 6. Bg2 Nc6 7. O-O O-O 8. e5
Nd7 9. c4 d4 10. Re1 Qc7 11. Bf4 a6 12. Nbd2 b5 13. b3 Bb7 14. h4 Nb6 15. Ne4
bxc4 16. bxc4 Nd7 17. h5 Ncxe5 18. Nxe5 Nxe5 19. Nd2 f6 20. Bxe5 fxe5 21. Bxb7
Qxb7 22. Qxe5 Qb2 23. Qxe6+ Kh8 24. Ne4 Rae8 25. h6 gxh6 26. Qxh6 Bd8 27. Rab1
1-0

[Event "Oberliga Ost A 2018 2019"]
[Site "?"]
[Date "2019.03.24"]
[Round "9.3"]
[White "Pietzsch, Manuel"]
[Black "Hartge, Gedeon"]
[Result "1/2-1/2"]
[WhiteElo "2173"]
[BlackElo "2214"]
[PlyCount "83"]
[EventDate "2018.10.21"]
[EventType "team-tourn"]
[EventCountry "GER"]
[WhiteTeam "Leipzig SG"]
[BlackTeam "Halle USV"]
[WhiteTeamCountry "GER"]
[BlackTeamCountry "GER"]

1. e4 c5 2. Nf3 e6 3. d4 cxd4 4. Nxd4 a6 5. Nc3 Qc7 6. Qf3 Nf6 7. Bg5 Qe5 8.
Be3 Bb4 9. O-O-O Nc6 10. Na4 Qxe4 11. Nb6 Qxf3 12. gxf3 Rb8 13. Rg1 Bc5 14.
Nxc6 Bxe3+ 15. fxe3 bxc6 16. Nxc8 Rxc8 17. Rxg7 a5 18. Bd3 Ke7 19. Rdg1 d5 20.
b3 h6 21. Kb2 Nd7 22. f4 Kf6 23. Kc3 Nb6 24. a3 c5 25. Bb5 d4+ 26. Kd3 dxe3 27.
Kxe3 c4 28. R7g3 cxb3 29. cxb3 Nd5+ 30. Kf3 Rc3+ 31. Ke4 Rc2 32. Bc4 Rxh2 33.
Bxd5 exd5+ 34. Kxd5 Rh5+ 35. Ke4 Re8+ 36. Kf3 Rh2 37. Rc1 Re6 38. Rc5 Rb6 39.
Kg4 h5+ 40. Rxh5 Rxh5 41. Kxh5 Kf5 42. Rg5+ 1/2-1/2

[Event "Oberliga Ost A 2018 2019"]
[Site "?"]
[Date "2019.03.24"]
[Round "9.4"]
[White "Schulte, Felix"]
[Black "Nguyen, Alex Dac Vuong"]
[Result "1-0"]
[WhiteElo "2052"]
[BlackElo "2194"]
[PlyCount "109"]
[EventDate "2018.10.21"]
[EventType "team-tourn"]
[EventCountry "GER"]
[WhiteTeam "Halle USV"]
[BlackTeam "Leipzig SG"]
[WhiteTeamCountry "GER"]
[BlackTeamCountry "GER"]

1. e4 e6 2. d4 d5 3. Nd2 Nf6 4. e5 Nfd7 5. Bd3 c5 6. c3 Nc6 7. Ne2 cxd4 8. cxd4
f6 9. Nf4 Qe7 10. Nf3 Qf7 11. O-O Nb6 12. a3 Be7 13. Qc2 f5 14. h4 Bd7 15. Bd2
Rc8 16. Qb3 O-O 17. Rfc1 Qe8 18. a4 Qd8 19. a5 Na8 20. g3 Nc7 21. Bc3 a6 22.
Kg2 Ra8 23. Rh1 Nb5 24. Qd1 g6 25. Qd2 Rf7 26. Nh3 Nxc3 27. bxc3 Nxa5 28. Nfg5
Nb3 29. Nxf7 Nxd2 30. Nxd8 Bxd8 31. Ra2 Nc4 32. Rb1 b5 33. Nf4 Nb6 34. Ne2 Bc6
35. f3 Kf7 36. g4 Nc4 37. Kg3 a5 38. h5 Be7 39. hxg6+ hxg6 40. Rh1 Kg7 41. Nf4
Bd7 42. Rah2 Rg8 43. Rh7+ Kf8 44. R1h6 Bg5 45. Nxg6+ Ke8 46. Rh8 Rxh8 47. Rxh8+
Kf7 48. Rh7+ Kxg6 49. Rxd7 Bd2 50. gxf5+ exf5 51. e6 Be1+ 52. Kh3 Ne3 53. e7
Kf7 54. Bxb5 Bxc3 55. Rc7 1-0

[Event "Oberliga Ost A 2018 2019"]
[Site "?"]
[Date "2019.03.24"]
[Round "9.5"]
[White "Roesemann, Rainer"]
[Black "Luther, Juergen"]
[Result "1-0"]
[WhiteElo "2231"]
[BlackElo "2142"]
[PlyCount "113"]
[EventDate "2018.10.21"]
[EventType "team-tourn"]
[EventCountry "GER"]
[WhiteTeam "Leipzig SG"]
[BlackTeam "Halle USV"]
[WhiteTeamCountry "GER"]
[BlackTeamCountry "GER"]

1. d4 e6 2. Bf4 b6 3. e3 Bb7 4. Nf3 f5 5. Nbd2 Nf6 6. Bd3 Be7 7. h3 Ne4 8. Qe2
c5 9. Nc4 d6 10. O-O-O O-O 11. Rhg1 d5 12. Nce5 c4 13. Bxe4 fxe4 14. Nd2 c3 15.
bxc3 Ba3+ 16. Kb1 Nd7 17. Ka1 Nf6 18. Rb1 Qc8 19. Rb3 Ba6 20. Qe1 Be7 21. f3 b5
22. Bg5 b4 23. cxb4 Qxc2 24. Rb2 Qc3 25. Nb1 Qc7 26. Qc3 Bc4 27. Nxc4 dxc4 28.
Bxf6 Rxf6 29. f4 a5 30. Rc1 axb4 31. Qxc4 Qxc4 32. Rxc4 g5 33. g3 Rh6 34. Rc7
Bf8 35. h4 gxh4 36. gxh4 Rxh4 37. Rg2+ Kh8 38. Nd2 b3 39. a4 Rxa4+ 40. Kb2 Ra8
41. Kxb3 Rh3 42. Nc4 Rh1 43. Ne5 Rb1+ 44. Kc2 Ra2+ 45. Kxb1 Rxg2 46. Nf7+ Kg8
47. Ng5 Bb4 48. Nxe4 Re2 49. Nf6+ Kf8 50. Nxh7+ Ke8 51. e4 Kd8 52. Rb7 Be7 53.
Ng5 Bxg5 54. fxg5 Ke8 55. g6 Kf8 56. g7+ Kg8 57. e5 1-0

[Event "Oberliga Ost A 2018 2019"]
[Site "?"]
[Date "2019.03.24"]
[Round "9.6"]
[White "Reipsch, Jens"]
[Black "Weitzer, Steffen"]
[Result "1-0"]
[WhiteElo "2240"]
[BlackElo "2258"]
[PlyCount "81"]
[EventDate "2018.10.21"]
[EventType "team-tourn"]
[EventCountry "GER"]
[WhiteTeam "Halle USV"]
[BlackTeam "Leipzig SG"]
[WhiteTeamCountry "GER"]
[BlackTeamCountry "GER"]

1. e4 d6 2. d4 g6 3. Nc3 Bg7 4. f4 Nc6 5. Nf3 Bg4 6. Be3 Bxf3 7. gxf3 e6 8. Qd2
a6 9. O-O-O b5 10. h4 Nf6 11. f5 e5 12. d5 Nd4 13. Qg2 gxf5 14. Ne2 Rg8 15.
Nxd4 exd4 16. Bg5 h6 17. Bd2 fxe4 18. fxe4 Qe7 19. Bd3 Nd7 20. Kb1 O-O-O 21. a4
Nc5 22. axb5 Kb7 23. Qf3 Be5 24. Rh3 Rg6 25. Rf1 Rf6 26. bxa6+ Ka7 27. Qe2
Rxf1+ 28. Qxf1 Rb8 29. Bf4 Na4 30. Bb5 Nc5 31. Bxe5 dxe5 32. Qc4 Nxe4 33. Ka2
Qc5 34. Qxc5+ Nxc5 35. Bc4 f5 36. Rg3 Nxa6 37. c3 f4 38. Rg7 dxc3 39. bxc3 Rb6
40. Re7 Rf6 41. Re6 1-0

[Event "Oberliga Ost A 2018 2019"]
[Site "?"]
[Date "2019.03.24"]
[Round "9.7"]
[White "Hoffmann, Hendrik"]
[Black "Groebel, Aaron"]
[Result "1/2-1/2"]
[WhiteElo "2239"]
[BlackElo "2101"]
[PlyCount "102"]
[EventDate "2018.10.21"]
[EventType "team-tourn"]
[EventCountry "GER"]
[WhiteTeam "Leipzig SG"]
[BlackTeam "Halle USV"]
[WhiteTeamCountry "GER"]
[BlackTeamCountry "GER"]

1. e4 e5 2. Nf3 Nc6 3. Nc3 Bc5 4. Nxe5 Bxf2+ 5. Kxf2 Nxe5 6. d4 Ng6 7. Qf3 c6
8. Bc4 Qf6 9. Qxf6 Nxf6 10. Rf1 b5 11. Bd3 d6 12. Kg1 O-O 13. Bg5 Ne8 14. Ne2
Nc7 15. Ng3 f6 16. Bd2 a5 17. Rae1 c5 18. c3 c4 19. Bc2 Ne7 20. e5 dxe5 21.
dxe5 f5 22. Bg5 Ncd5 23. e6 g6 24. Re5 Ba6 25. Rd1 Nf6 26. a4 b4 27. Rxa5 b3
28. Bb1 Kg7 29. Be3 Bb7 30. Rc5 Rfc8 31. a5 Ned5 32. Rxc8 Bxc8 33. Bd4 Bxe6 34.
Nf1 Rxa5 35. Nd2 Nf4 36. Kf1 Kf7 37. Nf3 Bd5 38. Ne5+ Ke6 39. g3 N4h5 40. Re1
Ne4 41. Nf3 Kd7 42. g4 Nf4 43. gxf5 gxf5 44. Be3 Ng6 45. Nd4 Bb7 46. Ke2 f4 47.
Rd1 Ke7 48. Bf2 Nxf2 49. Kxf2 Rh5 50. Nf5+ Kf6 51. Nd6 Bc6 1/2-1/2

[Event "Oberliga Ost A 2018 2019"]
[Site "?"]
[Date "2019.03.24"]
[Round "9.8"]
[White "Hartwig, Maik"]
[Black "Rausch, Stephan"]
[Result "0-1"]
[WhiteElo "2103"]
[BlackElo "2271"]
[PlyCount "128"]
[EventDate "2018.10.21"]
[EventType "team-tourn"]
[EventCountry "GER"]
[WhiteTeam "Halle USV"]
[BlackTeam "Leipzig SG"]
[WhiteTeamCountry "GER"]
[BlackTeamCountry "GER"]

1. d4 d5 2. Nf3 c6 3. Bf4 Nf6 4. c3 Bg4 5. Qb3 Qb6 6. Qxb6 axb6 7. Nbd2 Nbd7 8.
h3 Bxf3 9. gxf3 e6 10. e4 b5 11. Bd3 Be7 12. O-O Nh5 13. Bh2 Bg5 14. Rfd1 O-O
15. Nb3 g6 16. exd5 exd5 17. Re1 Ng7 18. Bd6 Rfe8 19. f4 Bd8 20. Rxe8+ Nxe8 21.
Ba3 f5 22. Re1 Kf7 23. Nd2 Nef6 24. Nf3 Ne4 25. Ne5+ Nxe5 26. fxe5 Ke6 27. Bxe4
dxe4 28. Kf1 Bh4 29. Ke2 f4 30. Rg1 f3+ 31. Ke3 Kf5 32. Rg4 Bg5+ 33. Rxg5+ Kxg5
34. Kxe4 Re8 35. Kxf3 Kf5 36. Bc5 g5 37. Kg3 Rg8 38. f3 h5 39. Bd6 Ke6 40. Bc5
Rg7 41. Bf8 Rf7 42. Bh6 Kf5 43. f4 gxf4+ 44. Kf3 b4 45. Bxf4 bxc3 46. bxc3 b5
47. h4 Ra7 48. Bd2 Rxa2 49. Ke3 Ra1 50. Kd3 Rg1 51. Bg5 Rg3+ 52. Kd2 Ke6 53.
Bf6 Rg2+ 54. Kd3 Kd5 55. Be7 Rg3+ 56. Kd2 Ke4 57. Bg5 Rg2+ 58. Ke1 Kd3 59. Kf1
Re2 60. Be7 Re4 61. Bb4 Rxh4 62. e6 Re4 63. e7 Re6 64. Kg2 Ke4 0-1

[Event "Oberliga Ost A 2018 2019"]
[Site "?"]
[Date "2019.03.24"]
[Round "9.1"]
[White "Hollan, Petr"]
[Black "Bures, Jaroslav"]
[Result "1/2-1/2"]
[WhiteElo "2289"]
[BlackElo "2391"]
[PlyCount "132"]
[EventDate "2018.10.21"]
[EventType "team-tourn"]
[EventCountry "GER"]
[WhiteTeam "Magdeburg SV Rochade"]
[BlackTeam "Hoyerswerda FVS ASP"]
[WhiteTeamCountry "GER"]
[BlackTeamCountry "GER"]

1. e4 c6 2. d4 d5 3. e5 Bf5 4. Nf3 e6 5. Be2 c5 6. c3 Nc6 7. O-O h6 8. Be3 Qb6
9. Qd2 cxd4 10. cxd4 Bb4 11. Qd1 Ba5 12. Nc3 Bxc3 13. bxc3 Nge7 14. Bd3 Rc8 15.
Nh4 Bxd3 16. Qxd3 Na5 17. Rab1 Qc6 18. f4 b6 19. f5 exf5 20. Nxf5 Nxf5 21. Qxf5
O-O 22. Rf3 Nc4 23. Rbf1 Nxe3 24. Rxe3 Qe6 25. Qh5 Rc6 26. Rg3 Kh7 27. h3 Qd7
28. Rgf3 Kg8 29. Qh4 b5 30. Rg3 Kh7 31. Rgf3 Rg6 32. Qf2 Kg8 33. Qe3 a6 34. Qd3
Rc6 35. Rf4 Qc7 36. Qf3 Qd7 37. Qg3 Qc7 38. R1f3 Kh7 39. Kh2 Rg6 40. Rg4 Qc6
41. Rxg6 Qxg6 42. Qf2 Qe6 43. Qc2+ Kg8 44. Qf2 Rc8 45. Qh4 Qd7 46. Qf4 Rc6 47.
Rg3 Kf8 48. Qe3 Qf5 49. Rf3 Qc8 50. Rg3 Rc4 51. Qf3 Qe6 52. Qd3 Kg8 53. Qd2 Qc6
54. Rf3 Qc7 55. Rg3 Rc6 56. Qd3 Qa5 57. Qf5 Qd8 58. Qg4 Rg6 59. Qf3 Rxg3 60.
Kxg3 Qd7 61. Qd1 Qf5 62. Qf3 Qg6+ 63. Kh2 Qc6 64. Qd3 a5 65. a3 Qc4 66. Qe3 Qc6
1/2-1/2

[Event "Oberliga Ost A 2018 2019"]
[Site "?"]
[Date "2019.03.24"]
[Round "9.2"]
[White "Orsag, Milan"]
[Black "Mueller, Dominik"]
[Result "1/2-1/2"]
[WhiteElo "2299"]
[BlackElo "2244"]
[PlyCount "131"]
[EventDate "2018.10.21"]
[EventType "team-tourn"]
[EventCountry "GER"]
[WhiteTeam "Hoyerswerda FVS ASP"]
[BlackTeam "Magdeburg SV Rochade"]
[WhiteTeamCountry "GER"]
[BlackTeamCountry "GER"]

1. d4 Nf6 2. c4 e6 3. Nf3 d5 4. Nc3 Be7 5. Bg5 O-O 6. e3 Ne4 7. Bxe7 Qxe7 8.
Rc1 c6 9. Qc2 f5 10. Bd3 Nd7 11. h3 Kh8 12. a3 b6 13. O-O g5 14. Nh2 Ndf6 15.
f3 Nd6 16. cxd5 exd5 17. Rce1 Bd7 18. g4 fxg4 19. hxg4 c5 20. Qd2 Bc6 21. f4
Nfe4 22. Bxe4 Nxe4 23. Nxe4 Qxe4 24. Nf3 gxf4 25. Ne5 f3 26. Rf2 Bb5 27. Qc2
Rae8 28. Qxe4 dxe4 29. Rh2 Re6 30. Kf2 cxd4 31. exd4 Rc8 32. Ke3 Be2 33. Reh1
Rc7 34. g5 Kg8 35. g6 Ree7 36. Kxe4 hxg6 37. Rh8+ Kg7 38. R8h6 Rxe5+ 39. dxe5
Rc4+ 40. Kd5 g5 41. Rf6 Rc5+ 42. Ke4 Rc4+ 43. Ke3 Rc5 44. Ke4 Ba6 45. Rd6 f2
46. Rd7+ Kg8 47. Rd8+ Kf7 48. Rd7+ Ke8 49. Rxa7 f1=Q 50. Rxf1 Bxf1 51. Kf5 g4
52. Kxg4 Rxe5 53. Kf4 Re7 54. Rxe7+ Kxe7 55. Ke5 Kd7 56. Kd4 Kc6 57. Kc3 Kb5
58. Kb3 Bc4+ 59. Kc3 Bf7 60. b3 Be6 61. Kb2 Kc5 62. Kc3 Bf5 63. a4 Bd7 64. b4+
Kd5 65. b5 Bxb5 66. a5 1/2-1/2

[Event "Oberliga Ost A 2018 2019"]
[Site "?"]
[Date "2019.03.24"]
[Round "9.3"]
[White "Kuchynka, Lukas"]
[Black "Hovsepyan, Vardan"]
[Result "1-0"]
[WhiteElo "2292"]
[BlackElo "2250"]
[PlyCount "63"]
[EventDate "2018.10.21"]
[EventType "team-tourn"]
[EventCountry "GER"]
[WhiteTeam "Magdeburg SV Rochade"]
[BlackTeam "Hoyerswerda FVS ASP"]
[WhiteTeamCountry "GER"]
[BlackTeamCountry "GER"]

1. d4 Nf6 2. Bf4 d6 3. Nc3 Bf5 4. f3 d5 5. g4 Bg6 6. h4 h6 7. Nh3 c5 8. e3 Nc6
9. Bb5 e6 10. Qe2 cxd4 11. exd4 Bb4 12. h5 Bh7 13. Kf2 Qb6 14. Na4 Qd8 15. Nc5
Bxc5 16. dxc5 O-O 17. Bxc6 bxc6 18. Rag1 d4 19. Bd6 Nd5 20. g5 hxg5 21. Rxg5
Ne3 22. Rhg1 g6 23. Nf4 f6 24. Rxg6+ Bxg6 25. Nxe6 Qd7 26. Rxg6+ Kh8 27. Nxf8
Qh3 28. Qd3 Qh4+ 29. Ke2 Qxh5 30. Qxd4 Nd5 31. Qg4 Re8+ 32. Kd2 1-0

[Event "Oberliga Ost A 2018 2019"]
[Site "?"]
[Date "2019.03.24"]
[Round "9.4"]
[White "Kesik, Klaus Dieter"]
[Black "Bednar, Marcel"]
[Result "1-0"]
[WhiteElo "2193"]
[BlackElo "2240"]
[PlyCount "81"]
[EventDate "2018.10.21"]
[EventType "team-tourn"]
[EventCountry "GER"]
[WhiteTeam "Hoyerswerda FVS ASP"]
[BlackTeam "Magdeburg SV Rochade"]
[WhiteTeamCountry "GER"]
[BlackTeamCountry "GER"]

1. Nf3 Nf6 2. g3 b5 3. Bg2 Bb7 4. O-O c5 5. d3 d5 6. c3 Nbd7 7. a4 a6 8. d4 Ne4
9. axb5 axb5 10. Rxa8 Qxa8 11. dxc5 Qa2 12. Na3 e5 13. Nxb5 Bxc5 14. Nd2 Nxf2
15. Rxf2 Bc6 16. Na3 Nf6 17. Qb3 Bxf2+ 18. Kxf2 Qxb3 19. Nxb3 Kd7 20. Nc5+ Kd6
21. Nd3 Ng4+ 22. Kg1 f5 23. c4 Rb8 24. h3 Nf6 25. Nxe5 Rb3 26. Nd3 Ne4 27. Bf4+
Ke7 28. c5 g5 29. Be5 Ke6 30. Nc2 Rxd3 31. exd3 Kxe5 32. dxe4 fxe4 33. Nb4 Bb7
34. Bf1 d4 35. Ba6 Bxa6 36. Nxa6 Kd5 37. Kf2 h5 38. Ke2 Kc6 39. b4 Kb5 40. Nb8
h4 41. gxh4 1-0

[Event "Oberliga Ost A 2018 2019"]
[Site "?"]
[Date "2019.03.24"]
[Round "9.5"]
[White "Niering, Martin"]
[Black "Jahnel, Guenther"]
[Result "1-0"]
[WhiteElo "2210"]
[BlackElo "2208"]
[PlyCount "83"]
[EventDate "2018.10.21"]
[EventType "team-tourn"]
[EventCountry "GER"]
[WhiteTeam "Magdeburg SV Rochade"]
[BlackTeam "Hoyerswerda FVS ASP"]
[WhiteTeamCountry "GER"]
[BlackTeamCountry "GER"]

1. e4 d6 2. d4 Nf6 3. Nc3 g6 4. Be3 c6 5. Qd2 b5 6. f3 Bg7 7. O-O-O Qa5 8. Kb1
b4 9. Nce2 Nbd7 10. Nc1 Rb8 11. g4 Qc7 12. g5 Nh5 13. Nge2 c5 14. Ng3 Nxg3 15.
hxg3 c4 16. b3 c3 17. Qf2 Qa5 18. a4 bxa3 19. Ka2 d5 20. Nd3 Ba6 21. Bf4 Rc8
22. Bh3 Bxd3 23. Rxd3 e6 24. Qh2 Nb6 25. Bd6 Rd8 26. Bc5 Nd7 27. exd5 Nxc5 28.
dxc5 Qxc5 29. Rhd1 exd5 30. Qe2+ Kf8 31. f4 h6 32. Qg2 d4 33. f5 hxg5 34. fxg6
Rh6 35. gxf7 Rf6 36. Rf1 Rdd6 37. Qe4 Kxf7 38. Re1 Kg8 39. Qe8+ Rf8 40. Be6+
Rxe6 41. Qxe6+ Rf7 42. Rf3 1-0

[Event "Oberliga Ost A 2018 2019"]
[Site "?"]
[Date "2019.03.24"]
[Round "9.6"]
[White "Boehm, Robert"]
[Black "Stolz, Mike"]
[Result "0-1"]
[WhiteElo "2176"]
[BlackElo "2301"]
[PlyCount "66"]
[EventDate "2018.10.21"]
[EventType "team-tourn"]
[EventCountry "GER"]
[WhiteTeam "Hoyerswerda FVS ASP"]
[BlackTeam "Magdeburg SV Rochade"]
[WhiteTeamCountry "GER"]
[BlackTeamCountry "GER"]

1. d4 f5 2. Nf3 Nf6 3. c4 g6 4. b4 Bg7 5. Bb2 O-O 6. e3 d6 7. Be2 Kh8 8. O-O
Be6 9. Qc2 Bg8 10. Rd1 Qe8 11. Nbd2 Nbd7 12. c5 Bd5 13. Bc4 Qf7 14. Bxd5 Nxd5
15. Qb3 N7f6 16. Rac1 h6 17. b5 g5 18. Ne1 Qh5 19. f3 f4 20. Nf1 fxe3 21. Nxe3
Nf4 22. Rc2 g4 23. Nf1 N6d5 24. Ng3 Qg6 25. Rf2 h5 26. Ne4 h4 27. Kh1 g3 28.
Rc2 gxh2 29. Kxh2 Rg8 30. Bc1 Bh6 31. Qc4 Raf8 32. Qf1 Nh5 33. Qd3 Nb4 0-1

[Event "Oberliga Ost A 2018 2019"]
[Site "?"]
[Date "2019.03.24"]
[Round "9.7"]
[White "Waechter, Nathalie"]
[Black "Grohmann, Alexander"]
[Result "0-1"]
[WhiteElo "2038"]
[BlackElo "1998"]
[PlyCount "122"]
[EventDate "2018.10.21"]
[EventType "team-tourn"]
[EventCountry "GER"]
[WhiteTeam "Magdeburg SV Rochade"]
[BlackTeam "Hoyerswerda FVS ASP"]
[WhiteTeamCountry "GER"]
[BlackTeamCountry "GER"]

1. d4 d5 2. c4 e6 3. Nc3 Be7 4. Nf3 Nf6 5. Bg5 O-O 6. e3 Ne4 7. Bxe7 Qxe7 8.
cxd5 Nxc3 9. bxc3 exd5 10. Qb3 c6 11. Bd3 Nd7 12. O-O Nf6 13. a4 Ne4 14. Bxe4
Qxe4 15. Qb1 Qe7 16. Re1 Re8 17. Ra2 g6 18. Qb3 Kg7 19. Rb2 h5 20. c4 dxc4 21.
Qxc4 Be6 22. Qc3 Kg8 23. e4 Rad8 24. Reb1 Bc8 25. e5 Rd5 26. Qe3 c5 27. Qe4
Red8 28. dxc5 Bf5 29. Qe2 Bxb1 30. Rxb1 Rxc5 31. h3 b6 32. Qe4 Rcd5 33. Qf4
Rd1+ 34. Rxd1 Rxd1+ 35. Kh2 Kg7 36. g4 hxg4 37. hxg4 Rd8 38. Kg3 Re8 39. Qd4 f6
40. exf6+ Qxf6 41. Qd7+ Re7 42. Qd5 Rf7 43. Ng5 Qxf2+ 44. Kh3 Qf1+ 45. Kg3 Qg1+
46. Kh3 Qe3+ 47. Kh4 Re7 48. Nf3 Qe4 49. Qb3 Qf4 50. Qd5 Qf6+ 51. Kg3 Qc3 52.
Kg2 Qc2+ 53. Kh3 Qxa4 54. Nd4 Qa3+ 55. Kh4 Qe3 56. Nf3 Qc5 57. Qd2 Rf7 58. Qb2+
Kg8 59. Qa2 Kf8 60. Kg3 Qe3 61. Qg2 Qxf3+ 0-1

[Event "Oberliga Ost A 2018 2019"]
[Site "?"]
[Date "2019.03.24"]
[Round "9.8"]
[White "Heyme, Sibylle"]
[Black "Hoffmann, Uwe"]
[Result "1-0"]
[WhiteElo "2025"]
[BlackElo "2095"]
[PlyCount "83"]
[EventDate "2018.10.21"]
[EventType "team-tourn"]
[EventCountry "GER"]
[WhiteTeam "Hoyerswerda FVS ASP"]
[BlackTeam "Magdeburg SV Rochade"]
[WhiteTeamCountry "GER"]
[BlackTeamCountry "GER"]

1. e4 d6 2. d4 Nf6 3. Nc3 e5 4. Nf3 exd4 5. Nxd4 Be7 6. Be2 O-O 7. Be3 Re8 8.
Qd2 c5 9. Nb3 a6 10. a4 b6 11. f3 Nc6 12. O-O Bb7 13. Rfe1 Nb4 14. Bf2 Qc7 15.
Bg3 Nh5 16. Bf2 Nf6 17. Bg3 Rad8 18. Rad1 h6 19. Qc1 Nh5 20. Bf2 Bg5 21. Qb1 d5
22. exd5 Nxd5 23. Nxd5 Bxd5 24. Bxa6 Rxe1+ 25. Rxe1 Bf4 26. Bb5 Bxh2+ 27. Kh1
Bf4 28. c4 Be6 29. a5 bxa5 30. Nxc5 Bg3 31. Nxe6 fxe6 32. Qc2 Qf4 33. Re4 Qd2
34. Re2 Qxc2 35. Rxc2 Rd1+ 36. Bg1 Bf4 37. g4 Ng3+ 38. Kg2 Nf1 39. c5 Bc7 40.
Bxf1 h5 41. gxh5 g6 42. Bb5 1-0

[Event "Oberliga Ost A 2018 2019"]
[Site "?"]
[Date "2019.03.24"]
[Round "9.1"]
[White "Schubert, Thomas"]
[Black "Pallas, Sebastian"]
[Result "1/2-1/2"]
[WhiteElo "2314"]
[BlackElo "2289"]
[PlyCount "49"]
[EventDate "2018.10.21"]
[EventType "team-tourn"]
[EventCountry "GER"]
[WhiteTeam "Leipzig SG II"]
[BlackTeam "Loeberitz SG"]
[WhiteTeamCountry "GER"]
[BlackTeamCountry "GER"]

1. d4 Nf6 2. Nf3 g6 3. Bg5 Bg7 4. e3 O-O 5. Nbd2 d5 6. Bd3 c5 7. c3 Nc6 8. O-O
Re8 9. dxc5 Nd7 10. Nb3 Nde5 11. Nxe5 Nxe5 12. Be2 Qc7 13. Qxd5 Bf5 14. Qd1
Rad8 15. Nd4 Qxc5 16. Qb3 Be4 17. Qb5 Qc8 18. Bh4 Rd6 19. Qa4 Bd3 20. Bxd3 Nxd3
21. Qc2 Bxd4 22. Qxd3 Bf6 23. Qe4 Bxh4 24. Qxh4 Qd7 25. Qb4 1/2-1/2

[Event "Oberliga Ost A 2018 2019"]
[Site "?"]
[Date "2019.03.24"]
[Round "9.3"]
[White "Schunk, Thomas"]
[Black "Niegsch, Nicolas"]
[Result "0-1"]
[WhiteElo "2126"]
[BlackElo "2249"]
[PlyCount "58"]
[EventDate "2018.10.21"]
[EventType "team-tourn"]
[EventCountry "GER"]
[WhiteTeam "Leipzig SG II"]
[BlackTeam "Loeberitz SG"]
[WhiteTeamCountry "GER"]
[BlackTeamCountry "GER"]

1. c4 e6 2. Nf3 d5 3. b3 c5 4. Bb2 Nc6 5. e3 d4 6. exd4 cxd4 7. a3 a5 8. g3 Nf6
9. Bg2 Be7 10. O-O O-O 11. d3 e5 12. Re1 Nd7 13. Nbd2 h6 14. Qc2 Ra6 15. Re2
Qc7 16. Rae1 b6 17. Nxd4 exd4 18. Bxc6 Qxc6 19. Rxe7 Qd6 20. f3 Nc5 21. R7e5
Qg6 22. Ne4 f5 23. Nxc5 bxc5 24. Rxc5 f4 25. Qf2 fxg3 26. hxg3 Bb7 27. Re4 Raf6
28. f4 Bxe4 29. dxe4 Rxf4 0-1

[Event "Oberliga Ost A 2018 2019"]
[Site "?"]
[Date "2019.03.24"]
[Round "9.4"]
[White "Proehl, Holger"]
[Black "Schultz, Andreas"]
[Result "1/2-1/2"]
[WhiteElo "2337"]
[BlackElo "2167"]
[PlyCount "84"]
[EventDate "2018.10.21"]
[EventType "team-tourn"]
[EventCountry "GER"]
[WhiteTeam "Loeberitz SG"]
[BlackTeam "Leipzig SG II"]
[WhiteTeamCountry "GER"]
[BlackTeamCountry "GER"]

1. e4 e6 2. d4 d5 3. Nd2 c5 4. exd5 Qxd5 5. Ngf3 cxd4 6. Bc4 Qd6 7. O-O Nf6 8.
Nb3 Nc6 9. Nbxd4 Nxd4 10. Qxd4 Qxd4 11. Nxd4 Bd7 12. Be2 Bc5 13. Nb3 Bb6 14. c4
Ne4 15. Be3 Rc8 16. Rac1 Bxe3 17. fxe3 b6 18. Bf3 Nc5 19. Nxc5 bxc5 20. Rc3 Ke7
21. Ra3 Rc7 22. Rd1 Rb8 23. b3 Rb6 24. Ra5 Bc8 25. Kf2 Ra6 26. Rxa6 Bxa6 27.
Ke2 Bb7 28. Rb1 a5 29. Kd3 f5 30. a3 Bxf3 31. gxf3 e5 32. b4 e4+ 33. fxe4 fxe4+
34. Kc3 cxb4+ 35. axb4 axb4+ 36. Rxb4 Rd7 37. c5 Rd3+ 38. Kc4 Rxe3 39. Kd5 Rd3+
40. Kxe4 Rh3 41. Rb7+ Ke6 42. Rxg7 Rxh2 1/2-1/2

[Event "Oberliga Ost A 2018 2019"]
[Site "?"]
[Date "2019.03.24"]
[Round "9.5"]
[White "Gempe, Thomas"]
[Black "Schuetze, Norman"]
[Result "0-1"]
[WhiteElo "2173"]
[BlackElo "2271"]
[PlyCount "72"]
[EventDate "2018.10.21"]
[EventType "team-tourn"]
[EventCountry "GER"]
[WhiteTeam "Leipzig SG II"]
[BlackTeam "Loeberitz SG"]
[WhiteTeamCountry "GER"]
[BlackTeamCountry "GER"]

1. d4 d5 2. c4 e6 3. Nf3 Nf6 4. g3 dxc4 5. Bg2 Nc6 6. O-O Rb8 7. e3 Be7 8. Qe2
b5 9. a4 a6 10. axb5 axb5 11. Rd1 O-O 12. Ne5 Nb4 13. Ra7 Nd7 14. Bd2 Nxe5 15.
dxe5 Qd3 16. Qg4 Qb3 17. Bc3 Nd3 18. Nd2 Qc2 19. Be4 b4 20. Bd4 c5 21. Rxe7
cxd4 22. exd4 Qxb2 23. Nxc4 Qxf2+ 24. Kh1 Ne1 25. Qf4 Qe2 26. Rc1 Nd3 27. Bxd3
Qxd3 28. Nd6 Qg6 29. Rf1 Ba6 30. Rf2 Bd3 31. Rb2 b3 32. h4 Bc2 33. g4 Qd3 34.
Rxf7 Ra8 35. Kh2 Qe2+ 36. Kh3 Rac8 0-1